| 000 | 00779nam a2200229 i 4500 | ||
|---|---|---|---|
| 001 | 169915 | ||
| 003 | ES-MaACL | ||
| 005 | 20240424100020.0 | ||
| 008 | 081217s1993 sp |||| | spa d | ||
| 080 | _a821.134.2-14 | ||
| 080 | _a821.134.4-14 | ||
| 245 | 0 | 0 |
_aCaminos del Premio Esquío (1981-1992) _b: poetas en lengua castellana. |
| 246 | 1 |
_aVieiros do Premio Esquío (1981-1992) _b: poetas en lingua galega |
|
| 260 |
_a[La Coruña] : _bFundación Caixa Galicia, _c[1993] |
||
| 300 |
_a[14] p., [14] p. ; _c21 cm. |
||
| 546 | _aPoemas en castellano y gallego. | ||
| 650 | 4 |
_aPoesías españolas- _yS.XX. _916221 |
|
| 650 | 4 |
_aPoesía gallega- _yS.XX _916226 |
|
| 710 | 2 |
_aFundación Caixa Galicia. _94235 |
|
| 852 |
_aES-MaACL _j2244-F-18 |
||
| 999 |
_c169915 _d169915 |
||